| 000 | 00376nam a22001457a 4500 | ||
|---|---|---|---|
| 005 | 20170726105331.0 | ||
| 008 | 170726b xxu||||| |||| 00| 0 eng d | ||
| 040 | _cPK-LaUMT | ||
| 082 |
_aZIAC 297 _bSAI-L |
||
| 100 | _aSaid Kutb | ||
| 245 |
_aL' Islam : _bpar le martyr/ _cSaid Kutb |
||
| 260 |
_a[ ] _bInternatinal Islamic federation, _c1977 |
||
| 300 | _a157 p. | ||
| 942 | _cBK | ||
| 999 |
_c95700 _d95700 |
||